000 007740000a22002170004500
090 _aAS
_bSeriadas
245 1 0 _aDinámica poblacional del patocuervo (Phalacrocorax brasilianus) y su efecto sobre el recurso pesquero en la represa del Río Calima, Valle del Cauca
651 4 _dValle
_lRepresa del Río Calima
_992749
653 _ePhalacrocorax brasilianus
_vPatocuervo
690 _aDinámica poblacional
_9608
690 _aRecursos pesqueros
_992852
690 _aPatos
_912701
041 0 _aEspañol
044 _aColombia
700 1 _aJohnston G., Richard
_9100374
700 1 _aChasqui V., Luis
_9100375
700 1 _aReyes Gutiérrez, Milton
_920246
100 1 _aMorales, Germán
_999987
942 _cARTICULO
773 1 _tCespedesia
_mDic.
_h79
_q7-19
_d2002
_g25
999 _c16214
_d16214